书目信息 |
| 题名: |
护患情境会话100例
|
|
| 作者: | 李惠玲 主编 | |
| 分册: | ||
| 出版信息: | 南京 东南大学出版社 2006 |
|
| 页数: | 19,579页 | |
| 开本: | 21cm | |
| 丛书名: | ||
| 单 册: | ||
| 中图分类: | R47 , H319.9 | |
| 科图分类: | ||
| 主题词: | 英语--英语--口语--英语 , 口语 | |
| 电子资源: | ||
| ISBN: | 7-5641-0345-0 | |
| 000 | 00972nam0 2200265 450 | |
| 001 | 012007146377 | |
| 005 | 20070627163608.57 | |
| 010 | @a7-5641-0345-0@b精装@dCNY40.00 | |
| 100 | @a20070516d2006 km y0chiy0120 ea | |
| 101 | 0 | @achi@aeng |
| 102 | @aCN@b320000 | |
| 105 | @ay z 000yy | |
| 106 | @ar | |
| 200 | 1 | @a护患情境会话100例@Ahu huan qing jing hui hua 100 li@e中英文对照@f李惠玲主编@Fli hui ling zhu bian |
| 210 | @a南京@c东南大学出版社@d2006 | |
| 215 | @a19,579页@d21cm | |
| 330 | @a本书收集并编写典型个案123例,通过科学的护理程序方法论和专科理论知识点的对话,将每位编者个人的经验和经历,以特定的背景、情境和典型个案进行示范和表达,并配以英文译句。 | |
| 510 | 1 | @a100 cases of commununication of nurse patient at clinical situation@zeng |
| 606 | 0 | @a英语@x英语@x口语@a英语 |
| 606 | 0 | @a口语 |
| 690 | @aR47@v4 | |
| 690 | @aH319.9@v3 | |
| 701 | 0 | @a李惠玲@Ali hui ling@c(女,@f1964~)@4主编 |
| 801 | 0 | @aCN@bRULIN@c20070627 |
| 905 | @dH319.9@e441@s5 | |
| 护患情境会话100例:中英文对照/李惠玲主编.-南京:东南大学出版社,2006 |
| 19,579页;21cm |
| ISBN 7-5641-0345-0(精装):CNY40.00 |
| 本书收集并编写典型个案123例,通过科学的护理程序方法论和专科理论知识点的对话,将每位编者个人的经验和经历,以特定的背景、情境和典型个案进行示范和表达,并配以英文译句。 |
| ● |
| 相关链接 |
|
|
|
|
正题名:护患情境会话100例
索取号:H319.9/441
 
预约/预借
| 序号 | 登录号 | 条形码 | 馆藏地/架位号 | 状态 | 备注 |
| 1 | 0580931 | 205809311 | 第二样本阅览室/ [索取号:H319.9/441] | 在馆 | |
| 2 | 0580932 | 205809320 | 第四借阅区/ [索取号:H319.9/441] | 在馆 | |
| 3 | 0580933 | 205809339 | 第四借阅区/ [索取号:H319.9/441] | 在馆 | |
| 4 | 0580934 | 205809348 | 第四借阅区/ [索取号:H319.9/441] | 在馆 | |
| 5 | 0580935 | 205809357 | 第四借阅区/ [索取号:H319.9/441] | 在馆 |